[Event "MITROPA Cup 2014 WOMEN Section"]
[Site "Ruzomberok SLOVAKIA"]
[Date "2014.05.25"]
[Round "3"]
[Board "2"]
[White "Osmanodja, Filiz"]
[Black "Gazikova, Veronika"]
[Result "1/2-1/2"]
[WhiteElo "2271"]
[BlackElo "2144"]
[PlyCount "0"]
[EventDate "2014.05.23"]
[EventType "team"]
[EventRounds "9"]
[EventCountry "SVK"]
[WhiteTeam "Germany"]
[BlackTeam "Slovakia A"]

1. e4 {[%clk 1:30:58]} Nf6 {[%clk 1:30:52]} 2. e5 {[%clk 1:31:27]} Nd5
{[%clk 1:31:13]} 3. d4 {[%clk 1:31:56]} d6 {[%clk 1:31:35]} 4. c4
{[%clk 1:32:24]} Nb6 {[%clk 1:31:56]} 5. exd6 {[%clk 1:32:52]} exd6
{[%clk 1:31:37]} 6. Nc3 {[%clk 1:33:17]} Nc6 {[%clk 1:31:59]} 7. h3
{[%clk 1:33:04]} Be7 {[%clk 1:32:10]} 8. Nf3 {[%clk 1:33:12]} Bf5
{[%clk 1:32:30]} 9. d5 {[%clk 1:26:56]} Ne5 {[%clk 1:24:23]} 10. Nd4
{[%clk 1:25:17]} Bg6 {[%clk 1:23:41]} 11. Be2 {[%clk 1:21:08]} h6
{[%clk 1:17:24]} 12. O-O {[%clk 1:20:24]} O-O {[%clk 1:17:20]} 13. b3
{[%clk 1:20:11]} a5 {[%clk 1:15:43]} 14. Be3 {[%clk 1:05:23]} Bf6
{[%clk 1:09:51]} 15. Qd2 {[%clk 1:03:00]} Ned7 {[%clk 1:07:26]} 16. f4
{[%clk 0:50:15]} Re8 {[%clk 1:03:05]} 17. f5 {[%clk 0:42:41]} Bh7
{[%clk 0:59:37]} 18. Bd3 {[%clk 0:41:59]} Ne5 {[%clk 0:58:41]} 19. Be4
{[%clk 0:32:55]} Nbd7 {[%clk 0:56:15]} 20. Bc2 {[%clk 0:27:49]} Nc5
{[%clk 0:48:20]} 21. Rae1 {[%clk 0:21:36]} Bh4 {[%clk 0:38:22]} 22. Re2
{[%clk 0:18:48]} Qf6 {[%clk 0:36:27]} 23. Nf3 {[%clk 0:14:07]} Nxf3+
{[%clk 0:32:24]} 24. Rxf3 {[%clk 0:14:36]} Bg5 {[%clk 0:28:52]} 25. Bxg5
{[%clk 0:13:07]} hxg5 {[%clk 0:27:46]} 26. Rfe3 {[%clk 0:10:02]} Rxe3
{[%clk 0:24:41]} 27. Qxe3 {[%clk 0:09:57]} g6 {[%clk 0:21:19]} 28. fxg6
{[%clk 0:09:20]} Bxg6 {[%clk 0:21:42]} 29. Bxg6 {[%clk 0:07:18]} Qxg6
{[%clk 0:22:00]} 30. Qe7 {[%clk 0:06:30]} Rc8 {[%clk 0:15:12]} 31. Ne4
{[%clk 0:04:46]} Nxe4 {[%clk 0:15:25]} 32. Rxe4 {[%clk 0:05:14]} Kh8
{[%clk 0:12:14]} 33. Rg4 {[%clk 0:03:38]} f6 {[%clk 0:12:35]} 34. Re4
{[%clk 0:03:48]} Qg7 {[%clk 0:12:41]} 35. Qe6 {[%clk 0:04:00]} Rf8
{[%clk 0:12:46]} 36. Qf5 {[%clk 0:02:42]} Qf7 {[%clk 0:10:26]} 37. Re6
{[%clk 0:02:40]} Kg7 {[%clk 0:10:28]} 38. Qe4 {[%clk 0:02:00]} Qg6
{[%clk 0:10:44]} 39. Qe1 {[%clk 0:01:25]} b6 {[%clk 0:09:12]} 40. Qe2
{[%clk 0:01:28]} Qb1+ {[%clk 0:08:44]} 41. Kh2 {[%clk 0:29:07]} Qf5
{[%clk 0:39:15]} 42. Re4 {[%clk 0:27:16]} Rf7 {[%clk 0:36:55]} 43. a3
{[%clk 0:20:27]} Rf8 {[%clk 0:36:13]} 44. h4 {[%clk 0:09:33]} gxh4
{[%clk 0:34:32]} 45. Rg4+ {[%clk 0:09:30]} Kf7 {[%clk 0:34:04]} 46. Re4
{[%clk 0:05:31]} Kg6 {[%clk 0:33:06]} 47. Qd3 {[%clk 0:04:31]} Kg5
{[%clk 0:30:41]} 48. Qe3+ {[%clk 0:03:08]} Kg6 {[%clk 0:28:51]} 49. Qd3
{[%clk 0:03:07]} Kg5 {[%clk 0:29:14]} 50. Qe3+ {[%clk 0:01:55]} Kg6
{[%clk 0:29:39]} 51. Qd3 {[%clk 0:01:00]} 1/2-1/2

[Event "MITROPA Cup 2014 WOMEN Section"]
[Site "Ruzomberok SLOVAKIA"]
[Date "2014.05.25"]
[Round "3"]
[Board "1"]
[White "Motycakova, Monika"]
[Black "Novosadova, Kristyna"]
[Result "1/2-1/2"]
[WhiteElo "2091"]
[BlackElo "2205"]
[PlyCount "0"]
[EventDate "2014.05.23"]
[EventType "team"]
[EventRounds "9"]
[EventCountry "SVK"]
[WhiteTeam "Slovakia B"]
[BlackTeam "Czech republic A"]

1. e4 {[%clk 1:30:48]} e5 {[%clk 1:30:54]} 2. Nf3 {[%clk 1:31:14]} Nc6
{[%clk 1:31:18]} 3. Bb5 {[%clk 1:31:32]} f5 {[%clk 1:31:38]} 4. Nc3
{[%clk 1:31:46]} fxe4 {[%clk 1:32:00]} 5. Nxe4 {[%clk 1:32:03]} d5
{[%clk 1:32:20]} 6. Nxe5 {[%clk 1:31:12]} dxe4 {[%clk 1:32:37]} 7. Nxc6
{[%clk 1:31:16]} Qg5 {[%clk 1:32:49]} 8. Qe2 {[%clk 1:30:16]} Nf6
{[%clk 1:32:45]} 9. f4 {[%clk 1:29:16]} Qxf4 {[%clk 1:32:41]} 10. Ne5+
{[%clk 1:29:11]} c6 {[%clk 1:32:19]} 11. d4 {[%clk 1:29:00]} Qh4+
{[%clk 1:32:21]} 12. g3 {[%clk 1:29:23]} Qh3 {[%clk 1:32:47]} 13. Bc4
{[%clk 1:29:37]} Be6 {[%clk 1:32:36]} 14. Bg5 {[%clk 1:28:18]} O-O-O
{[%clk 1:32:06]} 15. O-O-O {[%clk 1:20:58]} Bd6 {[%clk 1:31:19]} 16. Nf7
{[%clk 0:57:30]} Bxf7 {[%clk 1:31:41]} 17. Bxf7 {[%clk 0:57:56]} Rhf8
{[%clk 1:31:59]} 18. Qc4 {[%clk 0:50:25]} Kb8 {[%clk 1:29:52]} 19. Rde1
{[%clk 0:39:19]} Bc7 {[%clk 1:22:13]} 20. c3 {[%clk 0:27:05]} Qf5
{[%clk 1:11:12]} 21. Bxf6 {[%clk 0:23:24]} Qxf6 {[%clk 1:05:16]} 22. Rhf1
{[%clk 0:08:11]} Qh6+ {[%clk 1:04:52]} 23. Kb1 {[%clk 0:08:37]} Qxh2
{[%clk 1:04:16]} 24. Rxe4 {[%clk 0:06:20]} Qxg3 {[%clk 1:02:20]} 25. Rfe1
{[%clk 0:04:28]} Qf3 {[%clk 0:58:06]} 26. Be6 {[%clk 0:04:37]} Bg3
{[%clk 0:52:39]} 27. R1e2 {[%clk 0:04:08]} h5 {[%clk 0:44:37]} 28. a3
{[%clk 0:03:34]} h4 {[%clk 0:43:22]} 29. d5 {[%clk 0:02:48]} Rd6 {[%clk 0:33:15]}
30. dxc6 {[%clk 0:01:24]} Rxc6 {[%clk 0:32:33]} 31. Qd4 {[%clk 0:01:03]} Qf6
{[%clk 0:26:16]} 32. Qa4 {[%clk 0:01:29]} Qf1+ {[%clk 0:17:56]} 33. Ka2
{[%clk 0:01:54]} Rd6 {[%clk 0:12:57]} 34. Bc4 {[%clk 0:01:10]} Rfd8
{[%clk 0:10:46]} 35. Re7 {[%clk 0:00:43]} Qh1 {[%clk 0:05:45]} 36. Re8
{[%clk 0:00:34]} Qc6 {[%clk 0:04:13]} 37. Bb5 {[%clk 0:00:38]} Qb6
{[%clk 0:04:22]} 38. Bd7 {[%clk 0:00:39]} h3 {[%clk 0:02:14]} 39. Rxd8+
{[%clk 0:00:41]} Qxd8 {[%clk 0:02:33]} 40. Re8 {[%clk 0:00:36]} Qxe8
{[%clk 0:02:54]} 41. Bxe8 {[%clk 0:00:49]} h2 {[%clk 0:03:08]} 42. Qe4
{[%clk 0:23:02]} Rd1 {[%clk 0:32:42]} 43. Ba4 {[%clk 0:17:48]} h1=Q
{[%clk 0:30:19]} 44. Qe8+ {[%clk 0:17:31]} Kc7 {[%clk 0:28:58]} 45. Qe7+
{[%clk 0:17:02]} 1/2-1/2

[Event "MITROPA Cup 2014 WOMEN Section"]
[Site "Ruzomberok SLOVAKIA"]
[Date "2014.05.25"]
[Round "3"]
[Board "2"]
[White "Mareckova, Martina"]
[Black "Milcova, Zuzana"]
[Result "1/2-1/2"]
[WhiteElo "2114"]
[BlackElo "2025"]
[PlyCount "0"]
[EventDate "2014.05.23"]
[EventType "team"]
[EventRounds "9"]
[EventCountry "SVK"]
[WhiteTeam "Czech republic A"]
[BlackTeam "Slovakia B"]

1. e4 {[%clk 1:30:58]} d5 {[%clk 1:30:56]} 2. exd5 {[%clk 1:31:20]} Nf6
{[%clk 1:31:22]} 3. d4 {[%clk 1:31:16]} Nxd5 {[%clk 1:31:47]} 4. Nf3
{[%clk 1:27:48]} Bg4 {[%clk 1:32:01]} 5. h3 {[%clk 1:04:10]} Bh5 {[%clk 1:31:49]}
6. c4 {[%clk 1:02:48]} Nb6 {[%clk 1:31:27]} 7. g4 {[%clk 0:51:51]} Bg6
{[%clk 1:31:51]} 8. Nc3 {[%clk 0:49:03]} e6 {[%clk 1:23:33]} 9. Ne5
{[%clk 0:43:46]} N8d7 {[%clk 1:20:58]} 10. Nxg6 {[%clk 0:43:35]} hxg6
{[%clk 1:21:21]} 11. c5 {[%clk 0:43:13]} Nd5 {[%clk 1:05:10]} 12. Nxd5
{[%clk 0:42:57]} exd5 {[%clk 1:05:38]} 13. Qb3 {[%clk 0:42:25]} Qe7+
{[%clk 1:04:46]} 14. Be3 {[%clk 0:42:33]} O-O-O {[%clk 0:54:26]} 15. Bg2
{[%clk 0:35:13]} c6 {[%clk 0:45:21]} 16. O-O-O {[%clk 0:29:15]} Re8
{[%clk 0:39:41]} 17. Qa4 {[%clk 0:22:41]} a6 {[%clk 0:32:44]} 18. Rhe1
{[%clk 0:14:32]} Qd8 {[%clk 0:31:46]} 19. Bd2 {[%clk 0:11:23]} Be7
{[%clk 0:26:07]} 20. Qa5 {[%clk 0:07:41]} Qxa5 {[%clk 0:23:14]} 21. Bxa5
{[%clk 0:08:09]} Bh4 {[%clk 0:22:06]} 22. Rxe8+ {[%clk 0:05:50]} Rxe8
{[%clk 0:22:35]} 23. Re1 {[%clk 0:06:15]} Rxe1+ {[%clk 0:22:14]} 24. Bxe1
{[%clk 0:06:43]} Nf8 {[%clk 0:22:20]} 25. Kd1 {[%clk 0:00:59]} Ne6
{[%clk 0:22:33]} 26. Bf1 {[%clk 0:00:46]} Nxd4 {[%clk 0:19:18]} 27. Bg2
{[%clk 0:01:08]} Ne6 {[%clk 0:13:54]} 28. b4 {[%clk 0:01:34]} a5 {[%clk 0:13:22]}
29. a3 {[%clk 0:01:29]} axb4 {[%clk 0:13:32]} 30. axb4 {[%clk 0:01:57]} Kc7
{[%clk 0:10:17]} 31. Kc2 {[%clk 0:01:14]} b6 {[%clk 0:09:44]} 32. cxb6+
{[%clk 0:01:03]} Kxb6 {[%clk 0:10:12]} 33. Kc3 {[%clk 0:01:03]} Nc7
{[%clk 0:08:02]} 34. Kd3 {[%clk 0:00:44]} Na6 {[%clk 0:05:53]} 35. Kc3
{[%clk 0:00:48]} Be7 {[%clk 0:05:11]} 36. Kb3 {[%clk 0:01:13]} Bh4
{[%clk 0:05:01]} 37. Kc3 {[%clk 0:01:26]} Nc7 {[%clk 0:04:19]} 38. Bf1
{[%clk 0:00:43]} Nb5+ {[%clk 0:03:59]} 39. Kd3 {[%clk 0:01:12]} Nd6
{[%clk 0:03:10]} 40. Bc3 {[%clk 0:00:58]} Bxf2 {[%clk 0:01:49]} 41. Bxg7
{[%clk 0:01:08]} Kb5 {[%clk 0:01:09]} 42. Bf8 {[%clk 0:26:53]} Ne4
{[%clk 0:22:28]} 43. Bg2 {[%clk 0:17:34]} Ng5 {[%clk 0:20:06]} 44. Ke2
{[%clk 0:07:48]} Bh4 {[%clk 0:14:50]} 45. Bf1 {[%clk 0:04:33]} Ne6
{[%clk 0:13:50]} 46. Kd2+ {[%clk 0:04:27]} Kb6 {[%clk 0:14:00]} 47. Bd6
{[%clk 0:04:45]} c5 {[%clk 0:08:54]} 48. bxc5+ {[%clk 0:04:14]} Nxc5
{[%clk 0:09:17]} 49. Bxc5+ {[%clk 0:00:49]} Kxc5 {[%clk 0:09:45]} 50. Kd3
{[%clk 0:01:12]} Kd6 {[%clk 0:09:47]} 51. Bg2 {[%clk 0:01:34]} Ke5
{[%clk 0:10:06]} 52. Bf3 {[%clk 0:01:28]} d4 {[%clk 0:09:10]} 53. Bc6
{[%clk 0:01:18]} Bf2 {[%clk 0:08:52]} 54. Be8 {[%clk 0:01:41]} Kf6
{[%clk 0:08:57]} 55. h4 {[%clk 0:01:07]} Ke7 {[%clk 0:08:34]} 56. Bc6
{[%clk 0:01:33]} f5 {[%clk 0:07:44]} 57. gxf5 {[%clk 0:01:52]} gxf5
{[%clk 0:08:09]} 58. h5 {[%clk 0:02:12]} Kf6 {[%clk 0:08:20]} 59. Bd7
{[%clk 0:01:54]} f4 {[%clk 0:08:22]} 60. Ke4 {[%clk 0:01:24]} Kg5
{[%clk 0:07:57]} 61. h6 {[%clk 0:01:34]} 1/2-1/2

[Event "MITROPA Cup 2014 WOMEN Section"]
[Site "Ruzomberok SLOVAKIA"]
[Date "2014.05.26"]
[Round "4"]
[Board "1"]
[White "Wozniak, Mariola"]
[Black "Novosadova, Kristyna"]
[Result "1-0"]
[WhiteElo "2092"]
[BlackElo "2205"]
[PlyCount "0"]
[EventDate "2014.05.23"]
[EventType "team"]
[EventRounds "9"]
[EventCountry "SVK"]
[WhiteTeam "Poland"]
[BlackTeam "Czech republic A"]

1. e4 {[%clk 1:30:58]} e5 {[%clk 1:30:54]} 2. Nf3 {[%clk 1:31:23]} Nc6
{[%clk 1:31:16]} 3. Bb5 {[%clk 1:31:47]} a6 {[%clk 1:31:37]} 4. Ba4
{[%clk 1:32:11]} Nf6 {[%clk 1:32:00]} 5. O-O {[%clk 1:32:27]} Be7
{[%clk 1:32:10]} 6. Re1 {[%clk 1:32:32]} d6 {[%clk 1:31:39]} 7. c3
{[%clk 1:32:16]} Bg4 {[%clk 1:31:20]} 8. h3 {[%clk 1:30:44]} Bh5 {[%clk 1:31:23]}
9. d3 {[%clk 1:28:22]} Nd7 {[%clk 1:29:27]} 10. Nbd2 {[%clk 1:15:06]} Nc5
{[%clk 1:28:35]} 11. Bc2 {[%clk 1:13:16]} Ne6 {[%clk 1:27:28]} 12. Nf1
{[%clk 1:08:48]} Bxf3 {[%clk 1:23:38]} 13. Qxf3 {[%clk 1:08:59]} Bg5
{[%clk 1:24:00]} 14. Bxg5 {[%clk 0:57:51]} Qxg5 {[%clk 1:22:55]} 15. Ne3
{[%clk 0:53:31]} h5 {[%clk 1:15:01]} 16. b4 {[%clk 0:46:41]} Rh6 {[%clk 1:08:33]}
17. h4 {[%clk 0:37:53]} Qf4 {[%clk 0:30:36]} 18. Qxf4 {[%clk 0:37:25]} Nxf4
{[%clk 0:31:02]} 19. g3 {[%clk 0:37:43]} Ne6 {[%clk 0:31:23]} 20. Rf1
{[%clk 0:25:50]} g5 {[%clk 0:26:29]} 21. hxg5 {[%clk 0:23:56]} Nxg5
{[%clk 0:26:38]} 22. Nf5 {[%clk 0:21:25]} Rh7 {[%clk 0:24:54]} 23. Kg2
{[%clk 0:21:48]} O-O-O {[%clk 0:22:10]} 24. Bb3 {[%clk 0:19:58]} Rg8
{[%clk 0:20:51]} 25. Rh1 {[%clk 0:18:36]} Ne6 {[%clk 0:19:02]} 26. Kf3
{[%clk 0:18:26]} Kd7 {[%clk 0:18:07]} 27. Bd5 {[%clk 0:14:15]} Rg5
{[%clk 0:12:09]} 28. Rh2 {[%clk 0:13:53]} b6 {[%clk 0:08:55]} 29. Rah1
{[%clk 0:08:47]} Ne7 {[%clk 0:09:16]} 30. Nxe7 {[%clk 0:09:11]} Kxe7
{[%clk 0:09:41]} 31. Ke3 {[%clk 0:08:24]} Ng7 {[%clk 0:08:41]} 32. Bb7
{[%clk 0:07:39]} a5 {[%clk 0:08:26]} 33. bxa5 {[%clk 0:07:48]} bxa5
{[%clk 0:08:50]} 34. Rb1 {[%clk 0:08:06]} f5 {[%clk 0:07:57]} 35. Bd5
{[%clk 0:06:37]} Ne8 {[%clk 0:06:08]} 36. Rb7 {[%clk 0:05:54]} Kd7
{[%clk 0:06:34]} 37. Rh1 {[%clk 0:04:44]} Nf6 {[%clk 0:06:53]} 38. Bc4
{[%clk 0:04:37]} h4 {[%clk 0:04:53]} 39. gxh4 {[%clk 0:04:13]} f4+
{[%clk 0:04:53]} 40. Kf3 {[%clk 0:03:31]} Rgh5 {[%clk 0:05:12]} 41. Bb5+
{[%clk 0:23:00]} Kc8 {[%clk 0:21:08]} 42. Ra7 {[%clk 0:22:25]} c6
{[%clk 0:19:36]} 43. Rxh7 {[%clk 0:21:59]} Rxh7 {[%clk 0:19:59]} 44. Bxc6
{[%clk 0:22:20]} Rc7 {[%clk 0:20:25]} 45. Bb5 {[%clk 0:22:02]} Rxc3
{[%clk 0:20:50]} 46. Bc4 {[%clk 0:19:10]} d5 {[%clk 0:13:31]} 47. exd5
{[%clk 0:19:11]} e4+ {[%clk 0:13:17]} 48. Kxf4 {[%clk 0:19:19]} exd3
{[%clk 0:13:40]} 49. Bb3 {[%clk 0:16:27]} d2 {[%clk 0:13:14]} 50. Bd1
{[%clk 0:11:22]} Nxd5+ {[%clk 0:12:42]} 51. Ke4 {[%clk 0:11:18]} Nb4
{[%clk 0:12:27]} 52. h5 {[%clk 0:10:55]} Rc7 {[%clk 0:10:28]} 53. h6
{[%clk 0:10:02]} Re7+ {[%clk 0:10:39]} 54. Kf3 {[%clk 0:10:29]} Re1
{[%clk 0:08:00]} 55. Rh5 {[%clk 0:08:05]} Re8 {[%clk 0:05:55]} 56. h7
{[%clk 0:07:39]} Rh8 {[%clk 0:06:19]} 57. Ke3 {[%clk 0:07:36]} Kd7
{[%clk 0:03:35]} 58. a3 {[%clk 0:06:35]} Nc6 {[%clk 0:03:39]} 59. Kxd2
{[%clk 0:06:53]} Kd6 {[%clk 0:03:42]} 60. Bc2 {[%clk 0:05:49]} Ne5
{[%clk 0:03:39]} 61. Ke3 {[%clk 0:05:29]} Ng4+ {[%clk 0:03:21]} 62. Kd4
{[%clk 0:04:41]} Ke7 {[%clk 0:02:49]} 63. Rxa5 {[%clk 0:04:27]} Kf6
{[%clk 0:02:14]} 64. f3 {[%clk 0:04:10]} Nh6 {[%clk 0:02:16]} 65. Ra6+
{[%clk 0:04:38]} Kg7 {[%clk 0:02:24]} 66. Rg6+ {[%clk 0:05:01]} 1-0

[Event "MITROPA Cup 2014 WOMEN Section"]
[Site "Ruzomberok SLOVAKIA"]
[Date "2014.05.26"]
[Round "4"]
[Board "2"]
[White "Mareckova, Martina"]
[Black "Kiolbasa, Oliwia"]
[Result "0-1"]
[WhiteElo "2114"]
[BlackElo "2015"]
[PlyCount "0"]
[EventDate "2014.05.23"]
[EventType "team"]
[EventRounds "9"]
[EventCountry "SVK"]
[WhiteTeam "Czech republic A"]
[BlackTeam "Poland"]

1. e4 {[%clk 1:30:58]} e5 {[%clk 1:30:52]} 2. Nf3 {[%clk 1:31:23]} Nc6
{[%clk 1:31:16]} 3. Bc4 {[%clk 1:31:49]} Nf6 {[%clk 1:31:37]} 4. d3
{[%clk 1:32:15]} Be7 {[%clk 1:31:56]} 5. O-O {[%clk 1:32:32]} O-O
{[%clk 1:32:12]} 6. Re1 {[%clk 1:32:45]} d6 {[%clk 1:32:05]} 7. a4
{[%clk 1:32:51]} Kh8 {[%clk 1:30:08]} 8. a5 {[%clk 1:23:49]} a6 {[%clk 1:30:21]}
9. c3 {[%clk 1:19:29]} Ng8 {[%clk 1:29:49]} 10. Qb3 {[%clk 1:16:05]} f5
{[%clk 1:22:57]} 11. exf5 {[%clk 1:12:25]} Rxf5 {[%clk 1:14:49]} 12. Nbd2
{[%clk 1:03:20]} Nf6 {[%clk 0:50:25]} 13. Be6 {[%clk 0:58:06]} Bxe6
{[%clk 0:50:17]} 14. Qxe6 {[%clk 0:58:33]} Qd7 {[%clk 0:50:11]} 15. Qxd7
{[%clk 0:52:16]} Nxd7 {[%clk 0:48:48]} 16. Ne4 {[%clk 0:50:01]} d5
{[%clk 0:44:32]} 17. Ng3 {[%clk 0:47:53]} Rf7 {[%clk 0:43:00]} 18. Be3
{[%clk 0:36:57]} Nc5 {[%clk 0:35:33]} 19. Bxc5 {[%clk 0:36:20]} Bxc5
{[%clk 0:35:52]} 20. Re2 {[%clk 0:32:02]} Raf8 {[%clk 0:32:39]} 21. Nh1
{[%clk 0:20:20]} Re7 {[%clk 0:26:46]} 22. Rae1 {[%clk 0:19:46]} Rfe8
{[%clk 0:26:37]} 23. Ng3 {[%clk 0:18:33]} g6 {[%clk 0:26:27]} 24. Nd2
{[%clk 0:17:12]} Bd6 {[%clk 0:19:40]} 25. Nb3 {[%clk 0:17:19]} Nb8
{[%clk 0:19:34]} 26. Nf1 {[%clk 0:11:31]} Nd7 {[%clk 0:18:44]} 27. Ne3
{[%clk 0:06:06]} Nf6 {[%clk 0:17:52]} 28. h3 {[%clk 0:06:28]} Kg8
{[%clk 0:13:53]} 29. Ng4 {[%clk 0:03:38]} Nxg4 {[%clk 0:12:19]} 30. hxg4
{[%clk 0:04:07]} Rf8 {[%clk 0:09:54]} 31. g3 {[%clk 0:01:16]} Ref7
{[%clk 0:06:50]} 32. Kg2 {[%clk 0:01:38]} c6 {[%clk 0:04:28]} 33. d4
{[%clk 0:00:52]} e4 {[%clk 0:04:07]} 34. Nd2 {[%clk 0:01:17]} Kg7
{[%clk 0:03:38]} 35. b4 {[%clk 0:01:37]} Be7 {[%clk 0:00:42]} 36. Nf1
{[%clk 0:00:43]} Rf3 {[%clk 0:00:45]} 37. Ne3 {[%clk 0:01:01]} Bg5
{[%clk 0:01:09]} 38. Rh1 {[%clk 0:01:01]} R8f7 {[%clk 0:01:07]} 39. Rd1
{[%clk 0:01:10]} Kf8 {[%clk 0:01:13]} 40. Rh1 {[%clk 0:01:20]} Ke8
{[%clk 0:01:06]} 41. Rd1 {[%clk 0:01:22]} Kd8 {[%clk 0:18:11]} 42. Rc1
{[%clk 0:28:03]} h5 {[%clk 0:15:38]} 43. gxh5 {[%clk 0:26:29]} Bxe3
{[%clk 0:15:52]} 44. fxe3 {[%clk 0:23:57]} gxh5 {[%clk 0:16:09]} 45. Kh3
{[%clk 0:21:23]} Rg7 {[%clk 0:16:17]} 46. Rg1 {[%clk 0:20:54]} Rg4
{[%clk 0:14:25]} 47. Rgg2 {[%clk 0:17:53]} Ke7 {[%clk 0:12:45]} 48. Ref2
{[%clk 0:07:25]} Rxe3 {[%clk 0:09:27]} 49. Rf5 {[%clk 0:07:46]} Rxc3
{[%clk 0:09:41]} 50. Rxh5 {[%clk 0:08:05]} Rg7 {[%clk 0:10:03]} 51. Kh4
{[%clk 0:07:36]} Rd3 {[%clk 0:10:00]} 52. Re5+ {[%clk 0:06:33]} Kd6
{[%clk 0:09:09]} 53. Re8 {[%clk 0:06:53]} Rxd4 {[%clk 0:09:16]} 54. g4
{[%clk 0:07:14]} Re7 {[%clk 0:04:19]} 55. Rxe7 {[%clk 0:03:06]} Kxe7
{[%clk 0:04:46]} 56. Kg5 {[%clk 0:03:28]} Kf7 {[%clk 0:05:05]} 57. Re2
{[%clk 0:01:25]} Rxb4 {[%clk 0:05:19]} 58. Kf5 {[%clk 0:01:45]} Rb1
{[%clk 0:03:21]} 0-1

[Event "MITROPA Cup 2014 WOMEN Section"]
[Site "Ruzomberok SLOVAKIA"]
[Date "2014.05.26"]
[Round "4"]
[Board "1"]
[White "Fuchs, Judith"]
[Black "Motycakova, Monika"]
[Result "1/2-1/2"]
[WhiteElo "2304"]
[BlackElo "2091"]
[PlyCount "0"]
[EventDate "2014.05.23"]
[EventType "team"]
[EventRounds "9"]
[EventCountry "SVK"]
[WhiteTeam "Germany"]
[BlackTeam "Slovakia B"]

1. e4 {[%clk 1:30:58]} e5 {[%clk 1:30:54]} 2. Bc4 {[%clk 1:31:22]} Nf6
{[%clk 1:31:04]} 3. d3 {[%clk 1:31:45]} Nc6 {[%clk 1:31:16]} 4. Nf3
{[%clk 1:32:01]} Bc5 {[%clk 1:30:12]} 5. Bb3 {[%clk 1:31:51]} O-O
{[%clk 1:29:26]} 6. O-O {[%clk 1:32:03]} d6 {[%clk 1:29:27]} 7. c3
{[%clk 1:32:13]} h6 {[%clk 1:27:54]} 8. Nbd2 {[%clk 1:31:56]} Re8
{[%clk 1:22:54]} 9. h3 {[%clk 1:30:44]} Ne7 {[%clk 1:19:40]} 10. Nc4
{[%clk 1:23:27]} a6 {[%clk 1:15:16]} 11. Re1 {[%clk 1:07:39]} Ng6
{[%clk 1:03:13]} 12. a3 {[%clk 1:01:53]} b5 {[%clk 0:57:47]} 13. Ne3
{[%clk 1:01:17]} c6 {[%clk 0:56:37]} 14. a4 {[%clk 0:57:04]} Rb8 {[%clk 0:45:55]}
15. axb5 {[%clk 0:56:05]} axb5 {[%clk 0:46:05]} 16. Bc2 {[%clk 0:46:33]} Bb6
{[%clk 0:42:52]} 17. b4 {[%clk 0:34:55]} d5 {[%clk 0:25:47]} 18. Nf5
{[%clk 0:26:53]} c5 {[%clk 0:13:28]} 19. Ng3 {[%clk 0:23:38]} dxe4
{[%clk 0:09:30]} 20. Nxe4 {[%clk 0:22:59]} cxb4 {[%clk 0:09:26]} 21. cxb4
{[%clk 0:22:53]} Nd5 {[%clk 0:08:48]} 22. Bd2 {[%clk 0:21:28]} f5
{[%clk 0:05:33]} 23. Bb3 {[%clk 0:19:15]} Be6 {[%clk 0:04:13]} 24. Nc5
{[%clk 0:18:53]} Bf7 {[%clk 0:04:37]} 25. h4 {[%clk 0:15:34]} Bxc5
{[%clk 0:02:44]} 26. bxc5 {[%clk 0:15:58]} e4 {[%clk 0:03:01]} 27. dxe4
{[%clk 0:12:45]} fxe4 {[%clk 0:03:28]} 28. h5 {[%clk 0:12:45]} Nh4
{[%clk 0:01:43]} 29. Nd4 {[%clk 0:10:50]} Qf6 {[%clk 0:01:55]} 30. Bxd5
{[%clk 0:04:37]} Bxd5 {[%clk 0:02:09]} 31. Be3 {[%clk 0:04:53]} Nf5
{[%clk 0:01:23]} 32. Nxb5 {[%clk 0:04:17]} Bc6 {[%clk 0:00:43]} 33. Nd6
{[%clk 0:03:46]} Nxd6 {[%clk 0:00:37]} 34. Qxd6 {[%clk 0:03:26]} Qxd6
{[%clk 0:00:41]} 35. cxd6 {[%clk 0:03:55]} Red8 {[%clk 0:00:35]} 36. Bf4
{[%clk 0:03:20]} Rb3 {[%clk 0:00:44]} 37. Rec1 {[%clk 0:03:04]} Bd5
{[%clk 0:00:46]} 38. Ra7 {[%clk 0:01:53]} Rb7 {[%clk 0:00:55]} 39. Rxb7
{[%clk 0:01:49]} Bxb7 {[%clk 0:01:24]} 40. Rc7 {[%clk 0:02:11]} Bc8
{[%clk 0:00:51]} 41. Be5 {[%clk 0:22:00]} Bd7 {[%clk 0:30:02]} 42. Ra7
{[%clk 0:21:29]} Kf7 {[%clk 0:16:51]} 43. Bc3 {[%clk 0:21:25]} Ke6
{[%clk 0:14:33]} 44. Bxg7 {[%clk 0:21:21]} Rg8 {[%clk 0:11:29]} 45. Bxh6
{[%clk 0:20:47]} Rh8 {[%clk 0:11:43]} 46. Bf4 {[%clk 0:18:31]} Rxh5
{[%clk 0:12:01]} 47. g3 {[%clk 0:17:24]} Rh7 {[%clk 0:09:24]} 48. Ra5
{[%clk 0:15:15]} Kf6 {[%clk 0:07:20]} 49. Re5 {[%clk 0:09:38]} Bg4
{[%clk 0:03:24]} 50. Re7 {[%clk 0:00:50]} Rxe7 {[%clk 0:01:23]} 1/2-1/2

[Event "MITROPA Cup 2014 WOMEN Section"]
[Site "Ruzomberok SLOVAKIA"]
[Date "2014.05.26"]
[Round "4"]
[Board "2"]
[White "Milcova, Zuzana"]
[Black "Osmanodja, Filiz"]
[Result "0-1"]
[WhiteElo "2025"]
[BlackElo "2271"]
[PlyCount "0"]
[EventDate "2014.05.23"]
[EventType "team"]
[EventRounds "9"]
[EventCountry "SVK"]
[WhiteTeam "Slovakia B"]
[BlackTeam "Germany"]

1. d4 {[%clk 1:30:58]} Nf6 {[%clk 1:30:58]} 2. Nf3 {[%clk 1:31:22]} e6
{[%clk 1:31:23]} 3. Bf4 {[%clk 1:31:35]} c5 {[%clk 1:31:48]} 4. c3
{[%clk 1:31:51]} b6 {[%clk 1:32:09]} 5. e3 {[%clk 1:31:54]} Bb7 {[%clk 1:31:57]}
6. Nbd2 {[%clk 1:31:50]} Be7 {[%clk 1:32:12]} 7. h3 {[%clk 1:30:50]} O-O
{[%clk 1:32:21]} 8. Bd3 {[%clk 1:30:54]} d6 {[%clk 1:32:22]} 9. Qc2
{[%clk 1:24:59]} Nbd7 {[%clk 1:28:33]} 10. O-O {[%clk 1:23:26]} Rc8
{[%clk 1:26:33]} 11. Rad1 {[%clk 1:21:28]} cxd4 {[%clk 1:18:53]} 12. exd4
{[%clk 1:20:53]} Re8 {[%clk 1:18:10]} 13. Bh2 {[%clk 1:18:58]} Bf8
{[%clk 1:17:31]} 14. Rfe1 {[%clk 1:17:53]} a6 {[%clk 1:11:17]} 15. Qb1
{[%clk 1:15:55]} b5 {[%clk 1:08:39]} 16. Re2 {[%clk 0:56:11]} Qb6
{[%clk 1:01:31]} 17. Rde1 {[%clk 0:55:47]} Bd5 {[%clk 0:59:25]} 18. Ng5
{[%clk 0:48:42]} g6 {[%clk 0:53:14]} 19. Kh1 {[%clk 0:42:22]} Bh6
{[%clk 0:45:00]} 20. Nge4 {[%clk 0:39:09]} Nxe4 {[%clk 0:42:16]} 21. Nxe4
{[%clk 0:36:40]} e5 {[%clk 0:39:37]} 22. f3 {[%clk 0:22:07]} Re6 {[%clk 0:33:43]}
23. dxe5 {[%clk 0:18:07]} dxe5 {[%clk 0:32:00]} 24. Nf2 {[%clk 0:16:08]} f5
{[%clk 0:27:29]} 25. a3 {[%clk 0:12:05]} Rce8 {[%clk 0:26:37]} 26. Qd1
{[%clk 0:12:03]} Qc6 {[%clk 0:24:56]} 27. Bc2 {[%clk 0:10:32]} Bc4
{[%clk 0:16:00]} 28. Bb3 {[%clk 0:10:32]} Bxb3 {[%clk 0:07:21]} 29. Qxb3
{[%clk 0:10:55]} Qc4 {[%clk 0:07:15]} 30. Qc2 {[%clk 0:08:14]} Nc5
{[%clk 0:04:38]} 31. Rd1 {[%clk 0:04:07]} Bg7 {[%clk 0:03:10]} 32. Bg1
{[%clk 0:03:30]} e4 {[%clk 0:02:56]} 33. fxe4 {[%clk 0:03:33]} fxe4
{[%clk 0:02:52]} 34. Ng4 {[%clk 0:03:11]} Nd3 {[%clk 0:02:54]} 35. Ne3
{[%clk 0:02:38]} Qc5 {[%clk 0:02:16]} 36. a4 {[%clk 0:02:10]} Qg5
{[%clk 0:01:52]} 37. Ng4 {[%clk 0:01:54]} Kh8 {[%clk 0:01:39]} 38. Rxd3
{[%clk 0:01:11]} exd3 {[%clk 0:01:42]} 39. Rxe6 {[%clk 0:01:38]} dxc2 40. Rxe8+
{[%clk 0:02:01]} Bf8 {[%clk 0:01:07]} 41. Bd4+ {[%clk 0:02:27]} Kg8
{[%clk 0:00:38]} 0-1